Contractors at risk (Record no. 76350)
[ view plain ]
| 000 -LEADER | |
|---|---|
| fixed length control field | 00993cab a2200181 4500 |
| 001 - CONTROL NUMBER | |
| control field | ##L132177 |
| 008 - FIXED-LENGTH DATA ELEMENTS--GENERAL INFORMATION | |
| fixed length control field | 060117n2006 000 0 eng u |
| 035 ## - SYSTEM CONTROL NUMBER | |
| System control number | (Sirsi) u132177 |
| 041 0# - LANGUAGE CODE | |
| Language code of text/sound track or separate title | eng |
| 100 1# - MAIN ENTRY--PERSONAL NAME | |
| Personal name | Winter, Mitchell |
| 245 00 - TITLE STATEMENT | |
| Title | Contractors at risk |
| 260 ## - PUBLICATION, DISTRIBUTION, ETC. | |
| Date of publication, distribution, etc. | 2006 |
| 490 #0 - SERIES STATEMENT | |
| Series statement | Premises and Facilities Management |
| Volume/sequential designation | January 2006, 26-27(2) |
| 520 ## - SUMMARY, ETC. | |
| Summary, etc. | In the last 18 months there has been an increase in the number of criminal prosecutions that directly implicate facilities managers and other responsible for managing commercial premises. Facilities Managers working for a number of companies have all had charges of negligence against them. The article asserts the importance of compiling to UK law with regards to health and safety standards, in order to protect employees, contractors, business, shareholders and property. It also describes the regulation of the six steps of risk assessment. |
| 590 ## - LOCAL NOTE (RLIN) | |
| Local note | IKA170106 |
| 690 ## - LOCAL SUBJECT ADDED ENTRY--TOPICAL TERM (OCLC, RLIN) | |
| Topical term or geographic name as entry element | Health and safety |
| 9 (RLIN) | 6244 |
| 942 ## - ADDED ENTRY ELEMENTS (KOHA) | |
| Suppress in OPAC | 0 |
| Withdrawn status | Lost status | Source of classification or shelving scheme | Damaged status | Not for loan | Home library | Current library | Shelving location | Date acquired | Total Checkouts | Full call number | Barcode | Date last seen | Copy number | Price effective from | Koha item type |
|---|---|---|---|---|---|---|---|---|---|---|---|---|---|---|---|
| Dewey Decimal Classification | London | London | Journal article | 17/01/2006 | L132177 | 132177-1001 | 06/08/2019 | 1 | 06/08/2019 | Journal article |